000 00330nam a2200145Ia 4500
100 _aKennedy/ G
650 _aElectrical Engineering
942 _cBK
654 _aElectronic
245 _aElectronic And Communication System
260 _bMcGraw Hill
_aNew York
_c1985
082 _a621.3
300 _a741
546 _aENGLISH
999 _c30408
_d30408